LEADER 01340nam a2200349 i 4500 001 991001092319707536 005 20020507111150.0 008 970308s1989 us ||| | eng 020 $a0819400807 035 $ab1017252x-39ule_inst 035 $aLE00642009$9ExL 040 $aDip.to Fisica$bita 084 $a53(082.2) 084 $a53.2.63 084 $a53.2.65 084 $a53.2.68 084 $aTA1673 111 2 $aConference on modeling and simulation of laser systems$0462925 245 10$aModeling and simulation of laser systems :$bproc. SPIE 1045 (17-18 January 1989 Los Angeles, California) /$cDonald L. Bullock (ed.) 260 $aBellingham :$bSPIE,$cc1989 300 $aviii, 224 p. :$bill. ;$c28 cm. 490 0 $aSPIE Proceedings ;$v1045 500 $aIncludes bibliographical references and index. 650 4$aHigh power lasers-Data processing$xCongresses 700 1 $aBullock, Donald L.$eauthor$4http://id.loc.gov/vocabulary/relators/aut$0733204 710 2 $aSPIE 907 $a.b1017252x$b17-02-17$c27-06-02 912 $a991001092319707536 945 $aLE006 53.2.63 BUL$g1$i2006000046305$lle006$o-$pE0.00$q-$rl$s- $t0$u0$v0$w0$x0$y.i10211615$z27-06-02 996 $aModeling and simulation of laser systems$91444946 997 $aUNISALENTO 998 $ale006$b01-01-97$cm$da $e-$feng$gus $h0$i1 LEADER 02487nam 2200577Ia 450 001 9910446326403321 005 20200520144314.0 010 $a1-282-89835-3 010 $a9786612898358 010 $a1-84593-597-7 035 $a(CKB)2670000000054601 035 $a(EBL)617531 035 $a(OCoLC)681733731 035 $a(SSID)ssj0000413165 035 $a(PQKBManifestationID)11305574 035 $a(PQKBTitleCode)TC0000413165 035 $a(PQKBWorkID)10381459 035 $a(PQKB)10643919 035 $a(MiAaPQ)EBC617531 035 $a(EXLCZ)992670000000054601 100 $a20100427d2010 uy 0 101 0 $aeng 135 $aur|n|---||||| 181 $ctxt 182 $cc 183 $acr 200 00$aBreeding for disease resistance in farm animals /$fedited by Stephen C. Bishop ... [et al.] 205 $a3rd ed. 210 $aWallingford, Oxfordshire ;$aCambridge, MA $cCABI$d2010 215 $a1 online resource (370 p.) 300 $aDescription based upon print version of record. 311 $a1-84593-555-1 320 $aIncludes bibliographical references and index. 327 $aContents; Contributors; Part I: Principles and Methods; Part II: Viruses and TSEs; Part III: Bacteria; Part IV: Parasites and Vectors; Part V: Metabolic and Production Diseases; Index 330 $aAddressing principles associated with breeding animals for enhanced health and resistance to specific diseases, this new edition provides an updated review of the field and is illustrated with examples covering many diseases of importance to livestock production across all major livestock species. Edited by experts in the field, the book covers techniques and approaches, viruses, TSEs, bacteria, parasites, vectors, and broader health issues seen in production systems, including metabolic diseases. The book will be an essential reference for professionals in the field, scientists and researcher 606 $aLivestock$xBreeding 606 $aLivestock$xGenetics 606 $aVeterinary immunogenetics 615 0$aLivestock$xBreeding. 615 0$aLivestock$xGenetics. 615 0$aVeterinary immunogenetics. 676 $a636.089/6079 701 $aBishop$b S. C$g(Stephen C.)$0885898 712 02$aC.A.B. International. 801 0$bMiAaPQ 801 1$bMiAaPQ 801 2$bMiAaPQ 906 $aBOOK 912 $a9910446326403321 996 $aBreeding for disease resistance in farm animals$91978096 997 $aUNINA LEADER 00809nam0-2200277 --450 001 9910986992503321 005 20250326110805.0 010 $a978-88-238-3958-8 100 $a20250326d2024----kmuy0itay5050 ba 101 0 $aita 102 $aIT 105 $a 001yy 200 1 $a<>van Gogh di Liz Taylor$efalsi, furti e potere$ele regole del mercato dell'arte$fMarco Ventoruzzo 210 $aMilano$cEGEA$dc2024 215 $aVIII, 154 p.$d22 cm 300 $aTitolo della copertina 300 $aIl formato varia 676 $a344.097$v23$zita 700 1$aVentoruzzo,$bMarco$0280396 801 0$aIT$bUNINA$gREICAT$2UNIMARC 901 $aBK 912 $a9910986992503321 952 $aVIII I 609$b2025/146$fFGBC 959 $aFGBC 996 $aVan Gogh di Liz Taylor$94336622 997 $aUNINA